| 000 | 00406nam a2200145Ia 4500 | ||
|---|---|---|---|
| 008 | 240729s9999 xx 000 0 und d | ||
| 022 | _a2330-0698 | ||
| 245 | 0 | _aJournal of Patient-Centered Research and Reviews | |
| 260 | _aUnited States | ||
| 260 | _bAdvocate Aurora Health | ||
| 650 | _aMedicine | ||
| 856 | _uhttps://doaj.org/toc/e56623867f4b4537b4818249b24f78ae | ||
| 942 | _2ddc | ||
| 942 | _cDOAJEJ | ||
| 999 |
_c73222 _d73222 |
||
| 945 |
_a1 _bMadushi Gamage _c1 _dMadushi Gamage |
||